000 00349nam a2200145Ia 4500
008 150201s2000 xx 000 0 und d
082 _a617.525
_bG2000C
100 _aCRABTREE,T.D.
245 _aGENERAL SURGERY
250 _a1ST
260 _bLIPPINCOTT PUBLICATION
_aPHILADELPHIA
_c2000
300 _a1-564
650 _aSURGERY
942 _2ddc
_cBK
999 _c3027
_d3027